Une ville, un département (Niveau difficile) - Statistiques

Statistiques générales
  • Ce quiz a été pris 84 fois
  • Le résultat moyen est 36 sur 100
Statistiques - réponses
Hint Réponse % Correct
Deauville Calvados
90%
Royan Charente Maritime
72%
Bastelicaccia Corse du sud
70%
Pornic Loire Atlantique
70%
Mandelieu la Napoule Alpes Maritimes
63%
La Teste de Buch Gironde
62%
Rueil Malmaison Hauts de Seine
61%
Senlis Oise
59%
Sarlat la Canéda Dordogne
56%
Plougastel Daoulas Finistère
56%
Bandol Var
56%
Sisteron Alpes de Haute Provence
55%
Rocamadour Lot
55%
Castelnaudary Aude
52%
Koungou Mayotte
52%
Saint Etienne du Rouvray Seine Maritime
52%
Stains Seine Saint Denis
52%
Les Ulis Essonne
49%
Le Gosier Guadeloupe
49%
Hazebrouck Nord
49%
Sucy en Brie Val de Marne
49%
Capbreton Landes
48%
Thiers Puy de Dôme
48%
Châteaudun Eure et Loir
46%
Vitré Ille et Vilaine
46%
Autun Saône et Loire
46%
Vitry le François Marne
45%
Pontault Combault Seine et Marne
45%
Villefranche de Rouergue Aveyron
44%
Ouradour sur Glane Haute Vienne
44%
Oloron Sainte Marie Pyrénées Atlantiques
44%
Gex Ain
42%
Maripasoula Guyane
42%
Montbrison Loire
42%
Gien Loiret
42%
Coutances Manche
42%
Tonnerre Yonne
42%
Saint Amand Montrond Cher
41%
Lodève Hérault
41%
Schoelcher Martinique
41%
Saint Cyprien Pyrénées Orientales
41%
Gaillac Tarn
41%
Saint Jean de Monts Vendée
41%
Argelès Gazost Hautes Pyrénées
39%
Mamers Sarthe
39%
Bourg Saint Maurice Savoie
39%
Péronne Somme
39%
Belleville en Beaujolais Rhône
38%
Cavaillon Vaucluse
38%
Saverne Bas Rhin
37%
Montbard Côte d'Or
37%
Parthenay Deux Sèvres
37%
Commercy Meuse
37%
Woippy Moselle
35%
Moissac Tarn et Garonne
35%
Elancourt Yvelines
35%
Champagnole Jura
34%
Romorantin Lanthenay Loir et Cher
34%
Tergnier Aisne
31%
Mirepoix Ariège
31%
Mauriac Cantal
31%
La Souterraine Creuse
31%
Bagnols sur Cèze Gard
31%
Brioude Haute Loire
31%
Pierrelatte Drôme
30%
Le Port La Réunion
30%
Trélazé Maine et Loire
30%
Louviers Eure
28%
Sées Orne
28%
Ermont Val d'Oise
28%
Loudéac Cotes d'Armor
27%
Embrun Hautes Alpes
27%
Courmayeur Haute Savoie
27%
Questembert Morbihan
25%
L'Isle Jourdain Gers
24%
Gray Haute Saône
24%
Déols Indre
24%
Marvejols Lozère
24%
Ernée Mayenne
24%
Buxerolles Vienne
24%
Saint André Les Vergers Aube
23%
Allauch Bouches du Rhône
23%
Saint Florent Haute Corse
23%
Saint Pierre des Corps Indre et Loire
21%
Egletons Corrèze
20%
Cusset Allier
18%
Guilherand Granges Ardèche
18%
Joinville Haute Marne
15%
Cernay Haut Rhin
15%
Varennes Vauzelles Nièvre
15%
Valldoie Territoire de Belfort
14%
Casteljaloux Lot et Garonne
13%
Golbey Vosges
13%
Ecole Valentin Doubs
10%
Villiers Sameuse Ardennes
8%
Champniers Charente
8%
Carbonne Haute Garonne
8%
Salaise sur Sanne Isère
8%
Mont Saint Martin Meurthe et Moselle
8%
Coquelles Pas de Calais
8%
Aucun quiz correspondant
Distribution des résultats
% des personnes avec chaque résultat
Percentile par nombre de réponses
Votre historique - résultats
Vous n’avez pas pris ce quiz